000 02161 a2200217 4500
001 22095
005 20260407155509.0
008 260407a1998 arg spa d
003 AR-UNSa-BCEJYS
040 _aAR-UNSa-BCEJYS
_bspa
_cAR-UNSa-BCEJYS
080 _a657
_xContabilidad
245 1 0 _aContabilidad Superior
_pConsolidación y normas relativas a las cuentas consolidadas
020 _a84-89996-03-2
264 1 _aMadrid :
_bInstituto de Auditores - Censores Jurados de Cuentas de España
_c1998
300 _a677 p.
_c24 cm.
505 _a1. La regulación mercantil de la consolidación - 2. Sujetos de la consolidación - 3. Obligación de consolidar y motivos de dispensa de la misma - 4. Aplicación de los métodos de consolidación - 5. Cuestiones generales - 6. Homgeneización previa - 7. Eliminación inversión-fondos propios en la primera consolidación - 8. Eliminación inversión-fondos propios en consolidaciones posteriores - 9. Eliminación inversión-fondos propios en casos particulares - 10. Eliminaciones de partidas recíprocas.cuestiones generales - 11. Eliminaciones que no afectan al resultado - 12. Eliminaciones de resultados.Cuestiones generales - 13. Eliminación de resultados por operaciones de existencias - 14. Eliminación de resultados por operaciones de inmovilizado - 15. Eliminación de resultados por operaciones de servicios - 16. Eliminación de resultados por operaciones con activos financieros - 17. Eliminación de dividendos - 18. Método de investigación proporcional - 19. Procedimientos de puesta en equivalencia - 20. Conversión de cuentas anuales en moneda extranjera - 21. La declaración fiscal consolidada - 22. El impuesto sobre beneficios como gasto del ejercicio - 23. Obligaciones legales en relación con las cuentas consolidadas - 24. Balance y cuenta de perdidas y ganancias - 25. La memoria consolidada - 26. El informe de gestión consolidado - 27. El informe de auditoría.
942 _cBK
590 _aniveau_biblio:m niveau_hierar:0
100 1 _aTua Pereda, Jorge
856 4 1 _uhttps://biblioeco.unsa.edu.ar/pmb/images/libros/Escuela de Auditoria.jpg
_yImagen de portada
_qimage/jpeg
999 _c894
_d894